Statistics for Personal Names in JOAN BAEZ Song Titles

Click here to take the quiz!

General Stats

  • This quiz has been taken 6 times
  • The average score is 7 of 24

Answer Stats

SongYearNAME% Correct
____ Hamilton1960Mary
83%
Farewell, ________1965Angelina
67%
Sweet Sir _______1970Galahad
67%
___ Hill1970Joe
67%
____ Riley1960John
67%
I Dreamed I Saw St. __________1968Augustine
50%
Pretty Boy _____1962Floyd
50%
_______ Allen1961Barbara
33%
_____ Groves1962Matty
33%
_______ Lee1967Annabel
17%
A Song for _____1970David
17%
Lady __ and I1984Di
17%
_______ and Me1971Gabriel
17%
_____ Martin1960Henry
17%
The Death of Queen ____1964Jane
17%
____ the Baroness1977Luba
17%
For _____1979Sasha
17%
_________'s Room1976Stephanie
17%
Railroad ____1963Bill
0%
_____ Meyer2003Caleb
0%
_____ and _______1992Isaac Abraham
0%
_____ and the Gang1987James
0%
Little _____1960Moses
0%
________ Moore2003Rosemary
0%

Score Distribution

Percentile by Number Answered

Percent of People with Each Score

Your Score History

You have not taken this quiz